[Event "III Dolnoslaska Liga Szachowa 2017/2018"]
[Site "Dolny Slask"]
[Date "1899-12-30"]
[Round "1.1"]
[White "Daniel, Damian"]
[Black "Holownia, Michal"]
[Result "1-0"]
[WhiteTitle "I++"]
[BlackTitle "I+"]
[WhiteElo "2094"]
[BlackElo "1918"]

1. d4 Nf6 2. Nf3 g6 3. g3 Bg7 4. Bg2 O-O 5. O-O d6 6. b3 c5 7. e3 Nc6 8. Bb2 Qc7
9. c4 a6 10. Nc3 Rb8 11. Qe2 Bg4 12. dxc5 dxc5 13. h3 Bf5 14. g4 Be6 15. Ng5 Qc8
16. Rad1 h5 17. Nd5 hxg4 18. Nb6 Qc7 19. Nxe6 fxe6 20. Bxf6 exf6 21. Nd7 gxh3
22. Bxh3 f5 23. Nxb8 Rxb8 24. Rd2 Bc3 25. Rd3 Bf6 26. Rfd1 Qh7 27. Bg2 Ne5 28.
Rd6 Re8 29. Rb6 Re7 30. Rdd6 Nc6 31. Bxc6 bxc6 32. Qf3 Be5 33. Rdxc6 Kf7 34. Rxc5
Bh2+ 35. Kf1 Qg7 36. Kg2 Bc7 37. Rb7 Kf6 38. Qc6 Be5 39. Rxe7 Qxe7 40. Ra5 Qh7
41. Rxa6 Qh2+ 42. Kf1 Qh3+ 43. Qg2 Qh5 44. Qd5 Qh3+ 45. Ke2 f4 46. exf4 Bxf4 47.
Qd4+ Be5 48. Qd8+ Kg7 49. Qg5 1-0

[Event "III Dolnoslaska Liga Szachowa 2017/2018"]
[Site "Dolny Slask"]
[Date "1899-12-30"]
[Round "1.2"]
[White "Kawaler, Adam"]
[Black "Szmyd, Marek"]
[Result "1-0"]
[WhiteTitle "I"]
[BlackTitle "k"]
[WhiteElo "1843"]
[BlackElo "1940"]

1. d4 b6 2. e4 Bb7 3. Nc3 Nf6 4. e5 Nd5 5. Nxd5 Bxd5 6. c4 Bb7 7. Qg4 e6 8. a3
h5 9. Qg3 Nc6 10. Nf3 Ne7 11. Bd3 Nf5 12. Bxf5 exf5 13. d5 h4 14. Qg5 Qxg5 15.
Bxg5 h3 16. g3 Be7 17. Bxe7 Kxe7 18. O-O-O Ba6 19. b3 g6 20. Rhe1 Raf8 21. d6+
Kd8 22. dxc7+ Kxc7 23. Rd6 Re8 24. Red1 Bc8 25. Ng5 Re7 26. f4 Bb7 27. Rf6 Rf8
28. Nxh3 Rh8 29. Ng5 Rxh2 30. Nxf7 Be4 31. Rd2 Rh1+ 32. Kb2 Rb1+ 33. Ka2 Rg1 34.
Nh8 Rh7 35. Nxg6 Rhh1 36. Rfd6 Ra1+ 37. Kb2 Rhb1+ 38. Kc3 Rc1+ 39. Kb4 a5+ 40.
Kb5 Bc6+ 41. Ka6 Rxa3 42. Ne7 a4 43. Nxc6 axb3+ 44. Kb5 dxc6+ 45. Rxc6+ Kb7 46.
Rd7+ Kb8 47. Kxb6 1-0

[Event "III Dolnoslaska Liga Szachowa 2017/2018"]
[Site "Dolny Slask"]
[Date "1899-12-30"]
[Round "1.3"]
[White "Zielinski, Zbigniew"]
[Black "Mazurek, Bartosz"]
[Result "1/2-1/2"]
[WhiteTitle "I"]
[BlackTitle "II+"]
[WhiteElo "1857"]
[BlackElo "1757"]

1. d4 d5 2. Nf3 Nf6 3. c4 e6 4. Nc3 Nbd7 5. cxd5 exd5 6. Bg5 Be7 7. e3 O-O 8. Bd3
b6 9. O-O Bb7 10. Rc1 c5 11. Re1 h6 12. Bh4 a6 13. Bb1 Re8 14. Qc2 Nf8 15. Ne5
N6d7 16. Bxe7 Rxe7 17. Nxd7 Rxd7 18. dxc5 bxc5 19. Na4 c4 20. Nc5 Rc7 21. Nxb7
Rxb7 22. e4 Rc8 23. exd5 Qxd5 24. Re4 Rbc7 25. Qc3 Ne6 26. Rce1 Rd8 27. h3 Qd2
28. Qa3 Rb7 29. R4e2 Qd6 30. Qc3 Qd4 31. Qa3 Qd6 32. Qc3 Qd4 33. Qa3 Qd6 34. Qc3
1/2-1/2

[Event "III Dolnoslaska Liga Szachowa 2017/2018"]
[Site "Dolny Slask"]
[Date "1899-12-30"]
[Round "1.4"]
[White "Wieczorek, Mikolaj"]
[Black "Borowski, Przemyslaw"]
[Result "0-1"]
[WhiteTitle "I"]
[BlackTitle "I"]
[WhiteElo "1701"]
[BlackElo "1797"]

1. e4 c6 2. d4 d5 3. Nc3 dxe4 4. Nxe4 Nf6 5. Nxf6+ gxf6 6. Bf4 Qb6 7. Rb1 Bf5 8.
Qd2 e5 9. dxe5 Bb4 10. c3 Bxb1 11. cxb4 Nd7 12. exf6 O-O-O 13. Be2 Nxf6 14. Qc3
Nd5 15. Qe5 Nxf4 16. Qxf4 Rhe8 17. Nf3 Bd3 18. Ne5 Bxe2 19. Qf5+ Kb8 20. Kxe2
Qb5+ 21. Kf3 Rxe5 22. Qf4 Rd3+ 23. Kg4 0-1

[Event "III Dolnoslaska Liga Szachowa 2017/2018"]
[Site "Dolny Slask"]
[Date "1899-12-30"]
[Round "1.5"]
[White "Czaplewska, Klara"]
[Black "Frej, Zofia"]
[Result "0-1"]
[WhiteTitle "k+"]
[BlackTitle "k"]
[WhiteElo "1897"]
[BlackElo "1865"]

1. e4 e6 2. d4 d5 3. e5 c5 4. c3 Nc6 5. Nf3 Nge7 6. a3 cxd4 7. cxd4 Nf5 8. b4 Be7
9. Be2 O-O 10. O-O a6 11. Be3 f6 12. exf6 Bxf6 13. Qd2 b5 14. Qb2 Nd6 15. Nbd2
Nc4 16. Nxc4 dxc4 17. Ne5 Ne7 18. Bf3 Nd5 19. Bf4 Bb7 20. Bg3 Bxe5 21. Bxe5 Rxf3
22. gxf3 Qg5+ 23. Bg3 Nf4 24. h4 Qh5 25. Kh2 Qf5 26. Kg1 Qh3 0-1

[Event "III Dolnoslaska Liga Szachowa 2017/2018"]
[Site "Dolny Slask"]
[Date "1899-12-30"]
[Round "1.6"]
[White "Laszewicz, Pawel"]
[Black "Kolasinski, Krzysztof"]
[Result "1-0"]
[WhiteTitle "k"]
[BlackTitle "I++"]
[WhiteElo "2077"]
[BlackElo "2055"]

1. e4 c5 2. Nf3 Nc6 3. d4 cxd4 4. Nxd4 Nf6 5. Nc3 e5 6. Ndb5 d6 7. Bg5 a6 8. Na3
b5 9. Nd5 Be7 10. Bxf6 Bxf6 11. c4 b4 12. Nc2 a5 13. g3 Bg5 14. h4 Bh6 15. g4
Bf4 16. Qf3 O-O 17. Be2 Be6 18. Nxf4 exf4 19. Qxf4 Ne5 20. Ne3 a4 21. Kf1 Ng6
22. Qf3 Qb6 23. Rd1 Rfc8 24. h5 Ne5 25. Qf4 Qd8 26. Rd4 Qe7 27. Kg2 g5 28. Nf5
Qf6 29. Qd2 Nxc4 30. Bxc4 Rxc4 31. Rxc4 Bxc4 32. Qxb4 Qe6 33. f3 Bxa2 34. Rd1
d5 35. Qd2 h6 36. exd5 Qf6 37. Qb4 Re8 38. Rd2 Bxd5 39. Rxd5 Re2+ 40. Kf1 Rxb2
41. Qxa4 Qe6 42. Rd8+ Kh7 43. Rh8+ Kxh8 44. Qd4+ f6 45. Qd8+ 1-0

[Event "III Dolnoslaska Liga Szachowa 2017/2018"]
[Site "Dolny Slask"]
[Date "1899-12-30"]
[Round "1.7"]
[White "Marko, Piotr"]
[Black "Siembab, Bartosz"]
[Result "1-0"]
[WhiteTitle "I"]
[BlackTitle "k++"]
[WhiteElo "1819"]
[BlackElo "2252"]

1. e4 c5 2. Nf3 d6 3. d4 cxd4 4. Nxd4 Nf6 5. Nc3 a6 6. Bg5 e6 7. f4 Qb6 8. Qd2
Nbd7 9. O-O-O Be7 10. g4 O-O 11. Bg2 Qc7 12. h4 Rb8 13. a3 b5 14. e5 dxe5 15.
Nc6 Bc5 16. fxe5 Nxg4 17. Nxb8 Qxb8 18. Ne4 Qxe5 19. Bf3 Bxa3 20. c3 Bc5 1-0

[Event "III Dolnoslaska Liga Szachowa 2017/2018"]
[Site "Dolny Slask"]
[Date "1899-12-30"]
[Round "1.8"]
[White "Szczesniak, Konrad"]
[Black "Kawalko, Adam"]
[Result "1/2-1/2"]
[WhiteTitle "k"]
[BlackTitle "I"]
[WhiteElo "2101"]
[BlackElo "1771"]

1. d4 Nf6 2. c4 c5 3. d5 e6 4. Nc3 exd5 5. cxd5 d6 6. e4 g6 7. f4 Bg7 8. Bb5+ Nfd7
9. Nf3 O-O 10. O-O a6 11. Bd3 b5 12. a4 c4 13. Bc2 Qb6+ 14. Kh1 b4 15. Ne2 Re8
16. a5 Qc5 17. Ng3 Nf6 18. h3 Bd7 19. Re1 Bb5 20. Be3 Qc8 21. e5 dxe5 22. fxe5
Nxd5 23. Qxd5 Bc6 24. Qxc4 Bxf3 25. Qxc8 Rxc8 26. Bb3 Bxe5 27. Bf2 Bxb2 28. gxf3
Bxa1 29. Rxa1 Nc6 30. Ne4 Kg7 31. Bb6 Re8 32. Bd5 Rac8 33. Nd6 Red8 34. Bxd8 Rxd8
35. Bxc6 Rxd6 36. Bb7 Re6 37. Kg2 b3 38. Rb1 Re3 39. Bxa6 Re5 40. Rxb3 Rxa5 41.
Bc4 Rf5 42. Rb7 Rg5+ 43. Kf2 Rf5 44. Ke3 Rf6 45. Bd5 Rf5 46. Ke4 Rf6 47. Ke5 Rf5+
48. Kd6 Rf6+ 49. Ke7 Rf5 50. Rd7 Re5+ 51. Kd6 Rf5 52. Re7 Rf6+ 53. Kd7 Rf5 54.
Be4 Rb5 55. Kd6 Rh5 56. Bd5 Rf5 57. Re5 Rf6+ 58. Kd7 Ra6 59. Re7 Ra7+ 60. Ke8
Rxe7+ 61. Kxe7 f5 62. Ke6 Kh6 63. Kf6 Kh5 64. f4 Kh4 65. Bg8 Kxh3 66. Bxh7 Kg4
67. Ke5 g5 68. Bxf5+ Kh4 69. fxg5 Kxg5 1/2-1/2

[Event "III Dolnoslaska Liga Szachowa 2017/2018"]
[Site "Dolny Slask"]
[Date "1899-12-30"]
[Round "1.9"]
[White "Dytman, Radoslaw"]
[Black "Majocha, Piotr"]
[Result "1/2-1/2"]
[WhiteTitle "I"]
[BlackTitle "I"]
[WhiteElo "1681"]
[BlackElo "1902"]

1. e4 e6 2. d4 d5 3. exd5 exd5 4. Bd3 Bd6 5. Nf3 Ne7 6. O-O O-O 7. c3 Bf5 8. Be3
c6 9. Bxf5 Nxf5 10. Qd3 Nxe3 11. fxe3 Qe7 12. Nbd2 f5 13. c4 dxc4 14. Nxc4 Kh8
15. Nfe5 Bxe5 16. Nxe5 g6 17. e4 Nd7 18. exf5 Nxe5 19. dxe5 Qxe5 20. fxg6 hxg6
21. Qxg6 Qxb2 22. Qh6+ Kg8 23. Qg6+ Kh8 24. Qh6+ Kg8 25. Qg6+ Kh8 26. Qh6+ Kg8
27. Qg6+ 1/2-1/2

[Event "III Dolnoslaska Liga Szachowa 2017/2018"]
[Site "Dolny Slask"]
[Date "1899-12-30"]
[Round "1.11"]
[White "Komendecki, Jacek"]
[Black "Dowgird, Filip"]
[Result "1/2-1/2"]
[WhiteTitle "I++"]
[BlackTitle "k"]
[WhiteElo "2111"]
[BlackElo "2259"]

1. e4 d6 2. d4 Nf6 3. Nc3 c6 4. f4 Qa5 5. Bd3 e5 6. Nf3 exd4 7. Nxd4 g6 8. h3 Bg7
9. Be3 O-O 10. Qf3 Nbd7 11. Nb3 Qc7 12. a4 b6 13. O-O-O a6 14. g4 b5 15. g5 Nh5
16. axb5 axb5 17. e5 dxe5 18. Nxb5 cxb5 19. Qxa8 exf4 20. Bd4 Bxd4 21. Nxd4 Bb7
22. Nxb5 Bxa8 23. Nxc7 Bxh1 24. Rxh1 Ne5 25. Ba6 Rb8 26. Nd5 Ra8 27. Nc7 Ra7 28.
Re1 Nc6 29. Re8+ Kg7 30. Rc8 Ne7 31. Ne8+ Kf8 32. Rb8 Nc6 33. Rc8 1/2-1/2

[Event "III Dolnoslaska Liga Szachowa 2017/2018"]
[Site "Dolny Slask"]
[Date "1899-12-30"]
[Round "1.12"]
[White "Pankiewicz, Tomasz"]
[Black "Krawiec, Grzegorz"]
[Result "1/2-1/2"]
[WhiteTitle "k"]
[BlackTitle "I"]
[WhiteElo "2225"]
[BlackElo "1714"]

1. e4 c5 2. c3 d5 3. exd5 Qxd5 4. d4 Nf6 5. Nf3 e6 6. Be2 Be7 7. O-O O-O 8. Ne5
cxd4 9. cxd4 Nc6 10. Bf3 Qd6 11. Nxc6 bxc6 12. Nc3 Rb8 13. Qa4 Bd7 14. Qxa7 Ra8
15. Qc5 Qxc5 16. dxc5 Bxc5 17. Be3 Bxe3 18. fxe3 Nd5 19. Bxd5 exd5 20. Rf4 Rfb8
21. Ra4 Rxa4 22. Nxa4 Rb5 23. Rc1 Kf8 24. a3 Ke7 25. b4 Kd6 26. Nc5 Bf5 27. Kf2
Rb8 28. Rd1 Ke5 29. Rd4 Ra8 30. a4 Bc8 31. a5 Ba6 32. h3 Bc4 33. Nd7+ Ke6 34.
Nb6 Rb8 35. e4 Ke5 36. Ke3 Ke6 37. Nxc4 dxc4 38. Rxc4 Kd6 39. Kd3 Rb5 40. Kc3
Kc7 41. Kb3 Rg5 42. Rc2 Re5 43. Rf2 f6 44. Rf4 Kb7 45. g4 Ka6 46. Ka4 Kb7 47.
h4 h6 48. Ka3 Ka6 49. Kb3 Kb7 50. Ka4 Ka6 51. Rf5 Rxe4 52. g5 hxg5 53. Rc5 Kb7
54. hxg5 fxg5 55. Rxg5 Re7 56. Kb3 Rf7 57. Kc4 Rf4+ 58. Kc5 Rf7 59. Kd6 Rf6+ 60.
Kc5 Rf7 61. Rg6 Rf5+ 62. Kd6 Rd5+ 63. Ke6 1/2-1/2

[Event "III Dolnoslaska Liga Szachowa 2017/2018"]
[Site "Dolny Slask"]
[Date "1899-12-30"]
[Round "1.13"]
[White "Lewandowski, Wiktor"]
[Black "Helaszek, Edward"]
[Result "1-0"]
[WhiteTitle "II"]
[BlackTitle "k"]
[WhiteElo "1490"]
[BlackElo "1996"]

1. e4 d6 2. d4 Nf6 3. Nc3 c6 4. Nge2 e5 5. g3 Be7 6. Bg2 Nbd7 7. a4 h5 8. h3 h4
9. g4 Nf8 10. f4 exf4 11. Nxf4 Ne6 12. Nce2 Qa5+ 13. c3 Nxf4 14. Nxf4 g5 15. Nd3
Nh7 16. Qf3 Nf8 17. O-O Rh7 18. b4 Qc7 19. Bd2 Ng6 20. Rae1 Kf8 21. e5 Be6 22.
exd6 Qxd6 23. Nc5 Bc4 24. Rf2 Rb8 25. Qf5 Kg8 26. Bxg5 Bxg5 27. Qxg5 Rg7 28. Ne4
Qc7 29. Nf6+ Kf8 30. Qc5+ 1-0

[Event "III Dolnoslaska Liga Szachowa 2017/2018"]
[Site "Dolny Slask"]
[Date "1899-12-30"]
[Round "1.14"]
[White "Szpinda, Piotr"]
[Black "Malecki, Mateusz"]
[Result "0-1"]
[WhiteTitle "II"]
[BlackTitle "II"]
[WhiteElo "1428"]
[BlackElo "1598"]

1. b4 e5 2. Bb2 d6 3. e3 Be6 4. Nf3 Nf6 5. h3 Be7 6. Bb5+ c6 7. Ba4 Qb6 8. a3 a5
9. O-O O-O 10. c3 Nbd7 11. d4 Bc4 12. Re1 e4 13. Nh2 d5 14. Nd2 Ba6 15. Qc1 Qc7
16. Bd1 Bd6 17. Ndf1 Ne8 18. Be2 f5 19. Bxa6 Rxa6 20. c4 axb4 21. c5 Bxh2+ 22.
Nxh2 bxa3 23. Rxa3 Rxa3 24. Bxa3 Rf6 25. Qb2 Nf8 26. Rb1 Rf7 27. Qb3 Ne6 28. Bc1
h5 29. Ra1 Qc8 30. Ra7 Kh7 31. Qd1 g6 32. g4 fxg4 33. hxg4 Ng5 34. Kg2 Nf3 35.
gxh5 gxh5 36. Nxf3 Qg4+ 37. Kh2 exf3 38. Qd3+ Kg8 39. Qf1 Rg7 0-1

[Event "III Dolnoslaska Liga Szachowa 2017/2018"]
[Site "Dolny Slask"]
[Date "1899-12-30"]
[Round "1.15"]
[White "Lascar, Maria Elena"]
[Black "Korosciel, Aneta"]
[Result "0-1"]
[WhiteTitle "I+"]
[BlackTitle "m"]
[WhiteElo "1606"]
[BlackElo "1993"]

1. e4 d6 2. d4 Nf6 3. Nc3 c6 4. f4 Qa5 5. e5 Ne4 6. Qf3 d5 7. f5 e6 8. g4 h5 9.
fxe6 Bxe6 10. gxh5 Nd7 11. Nge2 Bb4 12. Bg2 c5 13. O-O Bxc3 14. bxc3 cxd4 15.
cxd4 Nd2 16. Bxd2 Qxd2 17. c4 Nb6 18. Rad1 Qh6 19. c5 Nc4 20. Nf4 O-O 21. Qg3
Rad8 22. Bh3 Rfe8 23. Rde1 Nd2 24. Nxe6 Nxf1 25. Rxf1 fxe6 26. Rf6 Qc1+ 27. Kg2
Qd2+ 28. Kh1 Qd1+ 29. Kg2 Qe2+ 30. Kg1 Qxh5 31. Bxe6+ Kh8 32. Rf7 Qh6 33. Bh3
Rf8 34. e6 Rxf7 35. exf7 Qf6 36. Qg4 g6 37. Kg2 Kg7 38. Qe6 Qxe6 39. Bxe6 Kf8
40. Kf3 Ke7 41. Bg4 Kxf7 42. h3 Re8 43. Kf2 Kf6 44. Bf3 Rd8 45. Ke3 Kg5 46. Bg4
Re8+ 47. Kd3 Kf4 48. Kc3 Ke3 49. Kb4 Kxd4 50. Kb5 Re1 51. a4 Rb1+ 52. Ka5 Kxc5
53. h4 Rb6 54. Be2 Ra6+ 55. Bxa6 b6# 0-1

[Event "III Dolnoslaska Liga Szachowa 2017/2018"]
[Site "Dolny Slask"]
[Date "1899-12-30"]
[Round "1.16"]
[White "Balinski, Damian"]
[Black "Klykow, Lukasz"]
[Result "1/2-1/2"]
[WhiteTitle "k"]
[BlackTitle "k"]
[WhiteElo "2164"]
[BlackElo "2181"]

1. d4 d5 2. c4 Nc6 3. Nf3 Bg4 4. cxd5 Bxf3 5. exf3 Qxd5 6. Be3 e5 7. Nc3 Bb4 8.
dxe5 Qxe5 9. Qc1 O-O-O 10. Bc4 Na5 11. Be2 Ne7 12. O-O Bxc3 13. Qxc3 Qxc3 14.
bxc3 Nd5 15. Bd2 Rhe8 16. Rfe1 Nb6 17. Be3 Nbc4 18. Bd4 f6 19. Bd3 Rxe1+ 20. Rxe1
c5 21. Bf5+ Kc7 22. Bxc5 Rd5 23. Bxh7 Rxc5 24. Re7+ Kd6 25. Rxg7 Rg5 26. Rf7 Ke6
27. Rc7 Kd6 28. Rf7 Ke6 29. Rc7 Kd6 30. Rf7 1/2-1/2

[Event "III Dolnoslaska Liga Szachowa 2017/2018"]
[Site "Dolny Slask"]
[Date "1899-12-30"]
[Round "1.17"]
[White "Wrobel, Maciej"]
[Black "Kossobudzki, Robert"]
[Result "0-1"]
[WhiteTitle "I+"]
[BlackTitle "I"]
[WhiteElo "1974"]
[BlackElo "2103"]

1. e4 c5 2. Nf3 a6 3. d4 cxd4 4. Nxd4 Nf6 5. Nc3 e5 6. Nf3 Bb4 7. Bc4 Qc7 8. Bb3
d5 9. O-O d4 10. Nd5 Nxd5 11. Bxd5 Bg4 12. c3 Bc5 13. cxd4 Bxd4 14. Qa4+ Nc6 15.
Nxd4 exd4 16. Bxc6+ Qxc6 17. Qxd4 O-O 18. f3 Rad8 19. Qf2 Be6 20. Be3 Rd3 21.
Rac1 Qd7 22. b3 h6 23. Bf4 Rc8 24. Rxc8+ Qxc8 25. Rc1 Qd7 26. h3 Qb5 27. Kh2 Qh5
28. Qe2 Qb5 29. Rd1 Rxb3 30. Qc2 Rb2 31. Qc3 Rxg2+ 32. Kxg2 Qe2+ 33. Kg3 Qxd1
34. Qb2 Qg1+ 35. Qg2 Qxg2+ 36. Kxg2 Bxa2 37. Bc7 Kf8 38. Kf2 Ke7 39. Ke3 Kd7 40.
Ba5 Kc6 41. f4 Kc5 42. Bc3 g6 43. Bg7 h5 0-1

[Event "III Dolnoslaska Liga Szachowa 2017/2018"]
[Site "Dolny Slask"]
[Date "1899-12-30"]
[Round "1.18"]
[White "Krosny, Miroslaw"]
[Black "Olszewski, Pawel"]
[Result "1-0"]
[WhiteTitle "I"]
[BlackTitle "II"]
[WhiteElo "1983"]
[BlackElo "1842"]

1. e4 e5 2. d4 exd4 3. Bc4 Bb4+ 4. c3 dxc3 5. bxc3 Qf6 6. Qb3 Bc5 7. Nf3 Nc6 8.
O-O d6 9. Re1 Ne5 10. Nd4 Ne7 11. h3 O-O 12. Be3 Qg6 13. Kh1 Bxh3 14. gxh3 Qxe4+
15. Kh2 Bxd4 16. Nd2 Ng4+ 17. hxg4 Be5+ 18. Kh3 Qc6 19. f4 d5 20. fxe5 dxc4 21.
Qxc4 Qg6 22. Nf3 c6 23. Nh4 Qe6 24. Qxe6 fxe6 25. Bc5 Rf7 26. Bxe7 Rxe7 27. Nf3
Rf8 28. Re3 h6 29. Rd1 Ref7 30. Kg3 c5 31. Rd6 Re8 32. Red3 g5 33. Nd2 Rf4 34.
Rd7 Ra4 35. Rxb7 Rf8 36. Rdd7 Rff4 37. c4 Ra3+ 38. Nb3 Rxa2 39. Nxc5 Raf2 40.
Rd8+ Rf8 41. Rxf8+ Rxf8 42. Rxa7 Rc8 43. Ra5 Kf7 44. Ne4 Rb8 45. Ra7+ Kg6 46.
Re7 Rb3+ 47. Kf2 Rb6 48. Nd6 Rb3 49. Rxe6+ Kg7 50. Nf5+ Kf7 51. Rxh6 Rc3 52. e6+
1-0

[Event "III Dolnoslaska Liga Szachowa 2017/2018"]
[Site "Dolny Slask"]
[Date "1899-12-30"]
[Round "1.19"]
[White "Rura, Mikolaj"]
[Black "Paprocki, Artur"]
[Result "0-1"]
[WhiteTitle "I"]
[BlackTitle "I"]
[WhiteElo "1624"]
[BlackElo "1871"]

1. e4 g6 2. d4 Bg7 3. Nf3 c6 4. Nc3 d5 5. e5 Nh6 6. h3 O-O 7. Bd3 f6 8. Bf4 Nf7
9. Qe2 b5 10. a3 a5 11. O-O Na6 12. Rfe1 Nc7 13. b3 Ne6 14. Bh2 Qb6 15. Qe3 Bh6
16. Qe2 Nxd4 17. Nxd4 Qxd4 18. Na2 Nxe5 19. Bxe5 fxe5 20. c3 Qf4 21. c4 e4 22.
Bc2 Bg7 23. Rad1 bxc4 24. bxc4 Ba6 25. Bb3 a4 26. Bc2 Bxc4 27. Qe3 Qxe3 28. fxe3
Bxa2 29. Rf1 Rxf1+ 30. Kxf1 Bb3 31. Rc1 Bb2 32. Rb1 Bxc2 33. Rxb2 Bb3 34. Rf2
Rf8 35. Rxf8+ Kxf8 0-1

[Event "III Dolnoslaska Liga Szachowa 2017/2018"]
[Site "Dolny Slask"]
[Date "1899-12-30"]
[Round "1.20"]
[White "Skiba, Aleksandra"]
[Black "Miarecka, Natalia"]
[Result "1-0"]
[WhiteTitle "I+"]
[BlackTitle "II"]
[WhiteElo "1747"]
[BlackElo "1002"]

1. d4 d5 2. c4 dxc4 3. Nc3 e5 4. e3 exd4 5. exd4 Nf6 6. Bxc4 Bd6 7. Nf3 O-O 8.
O-O h6 9. Nb5 Bg4 10. Be3 a6 11. Nxd6 Qxd6 12. h3 Bh5 13. Rc1 Nc6 14. g4 Bg6 15.
a3 Rad8 16. b4 Be4 17. d5 Ne7 18. Bc5 Qd7 19. Ne5 Qe8 20. Qe2 b6 21. Bxe7 Qxe7
22. Nc6 Qd6 23. Nxd8 Rxd8 24. f3 Qg3+ 25. Qg2 Qxg2+ 26. Kxg2 Bxd5 27. Bxd5 Nxd5
28. Kg3 g5 29. Rfd1 Rd7 30. Rd2 Kf8 31. Rcd1 c6 32. Re1 Kg7 33. h4 Kf6 34. h5
b5 35. Kf2 Rd6 36. Re8 Re6 37. Rxe6+ Kxe6 38. Re2+ Kd7 39. Rd2 Kd6 40. Ke2 c5
41. bxc5+ Kxc5 42. Rc2+ Kb6 43. Rc8 Ka5 44. Rh8 Ka4 45. Rxh6 a5 46. Ra6 b4 47.
axb4 Kxb4 48. h6 a4 49. h7 Nf4+ 50. Kd2 Ng6 51. Rxg6 fxg6 52. h8=Q a3 53. Kc2
a2 54. Qb2+ Kc4 55. Qxa2+ Kd4 56. Qe6 Kc5 57. Kc3 Kb5 58. Qc4+ Ka5 59. Qb3 Ka6
60. Kc4 Ka5 61. Qb5# 1-0

[Event "III Dolnoslaska Liga Szachowa 2017/2018"]
[Site "Dolny Slask"]
[Date "1899-12-30"]
[Round "1.21"]
[White "Koszkul, Wojciech"]
[Black "Borkowski, Franciszek"]
[Result "0-1"]
[WhiteTitle "I++"]
[BlackTitle "IM"]
[WhiteElo "2035"]
[BlackElo "2286"]

1. d4 g6 2. Nf3 Bg7 3. c4 d6 4. Nc3 e5 5. dxe5 dxe5 6. Qxd8+ Kxd8 7. e4 Bg4 8.
Ng5 Ke8 9. h3 Bd7 10. Bd3 Nc6 11. Nf3 Nd4 12. Be3 c6 13. Nd2 Rd8 14. Nb3 b6 15.
c5 Be6 16. Bxd4 exd4 17. Ne2 Ne7 18. Nf4 Bc8 19. O-O Kd7 20. Bc4 Rhf8 21. Rfd1
Kc7 22. Ne2 b5 23. Bd3 Be6 24. Nd2 f5 25. f3 fxe4 26. Nxe4 Nf5 27. Ng5 Bg8 28.
Bxf5 Rxf5 29. Ne4 d3 30. N2c3 Bc4 31. b3 b4 32. bxc4 bxc3 33. Rac1 c2 0-1

[Event "III Dolnoslaska Liga Szachowa 2017/2018"]
[Site "Dolny Slask"]
[Date "1899-12-30"]
[Round "1.22"]
[White "Bes, Michal"]
[Black "Lipien, Wieslaw"]
[Result "0-1"]
[WhiteTitle "I"]
[BlackTitle "I++"]
[WhiteElo "2090"]
[BlackElo "2036"]

1. c4 Nf6 2. g3 g6 3. Bg2 Bg7 4. d4 O-O 5. Nf3 d6 6. O-O c6 7. Nc3 Nbd7 8. e4 e5
9. dxe5 dxe5 10. Bg5 h6 11. Be3 Qc7 12. h3 Re8 13. Qd2 Kh7 14. Rfd1 Nb6 15. b3
Be6 16. c5 Nbd7 17. b4 Rad8 18. Qc2 Nf8 19. Nd2 Nh5 20. Bf1 Rd4 21. Bxd4 exd4
22. Ne2 Qd7 23. Nf3 Bxh3 24. Nexd4 Qc8 25. Bxh3 Qxh3 26. Rab1 Be5 27. Nxe5 Rxe5
28. Nf3 Nf4 29. gxf4 Rh5 30. Nh2 Qxh2+ 31. Kf1 Qxf4 32. Rb3 Ne6 33. Qd3 Qe5 34.
Qf3 Ng5 35. Qg2 Rh2 36. Qg4 h5 37. Qg3 Rh1+ 38. Ke2 Qxe4+ 39. Re3 Qc4+ 40. Red3
Ne4 41. Qf3 Rxd1 42. Kxd1 Qxd3+ 43. Qxd3 Nxf2+ 44. Ke2 Nxd3 45. Kxd3 h4 46. Ke4
f6 47. a4 h3 48. Kf3 g5 49. b5 a5 0-1

[Event "III Dolnoslaska Liga Szachowa 2017/2018"]
[Site "Dolny Slask"]
[Date "1899-12-30"]
[Round "1.23"]
[White "Guziewicz, Wojciech"]
[Black "Bienias, Piotr"]
[Result "0-1"]
[WhiteTitle "I"]
[BlackTitle "I++"]
[WhiteElo "1792"]
[BlackElo "1920"]

1. e4 c5 2. Nf3 Nc6 3. Nc3 e5 4. Bc4 b6 5. a3 g5 6. h3 Bg7 7. d3 d6 8. Nd5 Nge7
9. Be3 Ng6 10. Qd2 Bd7 11. g3 Nd4 12. Bxd4 cxd4 13. h4 b5 14. Ba2 g4 15. h5 gxf3
16. hxg6 fxg6 17. O-O-O a5 18. Bb3 h5 19. Kb1 Bh6 20. Qe1 Kf8 21. c3 Kg7 22. cxd4
exd4 23. Rc1 Ra7 24. Rc2 Rf8 25. Qd1 Qb8 26. Rh4 Bg5 27. Rh1 Rb7 28. Qe1 Qa7 29.
Ka1 Rfb8 30. Nf4 a4 31. Bd5 Rc7 32. Rxc7 Qxc7 33. Qd2 Kh6 34. Rc1 Qd8 35. Qb4
Qf6 36. Rc7 Rd8 37. Rxd7 Rxd7 38. Bc6 Bxf4 39. Bxd7 Bxg3 40. Bxb5 Bxf2 41. Bxa4
Be3 42. Qe1 f2 43. Qf1 Qg5 44. Bd1 Qg1 45. Be2 g5 46. Ka2 Qxf1 47. Bxf1 Bd2 48.
b4 g4 49. Kb3 h4 50. a4 h3 51. a5 h2 52. a6 h1=Q 53. a7 Qxf1 54. a8=Q Qb1+ 55.
Kc4 Qxb4+ 56. Kd5 Qc5+ 57. Ke6 Qe5+ 58. Kd7 Qg7+ 59. Kxd6 f1=Q 0-1

[Event "III Dolnoslaska Liga Szachowa 2017/2018"]
[Site "Dolny Slask"]
[Date "1899-12-30"]
[Round "1.24"]
[White "Bocko, Stanislaw"]
[Black "Wilk, Aleksander"]
[Result "1-0"]
[WhiteTitle "I"]
[BlackTitle "III"]
[WhiteElo "1953"]
[BlackElo "1279"]

1. e4 c5 2. Nf3 e6 3. d4 cxd4 4. Nxd4 Qb6 5. Nb3 Nf6 6. Bd3 Nc6 7. c3 Ne5 8. Bc2
Neg4 9. Qe2 Qc7 10. h3 Ne5 11. N1d2 Be7 12. Nf3 Nxf3+ 13. Qxf3 b6 14. Bf4 e5 15.
Bg3 d6 16. Qe2 Be6 17. Nd2 h6 18. f4 exf4 19. Bxf4 g5 20. Bg3 Qc6 21. Bd3 a6 22.
Bxa6 O-O 23. Bb5 Qc7 24. a3 Bd7 25. Bd3 Rfe8 26. O-O Kg7 27. Rae1 b5 28. Kh1 Qb6
29. e5 dxe5 30. Bxe5 Qe6 31. Qe4 Rh8 32. Bd4 Bd8 33. Qxa8 1-0

[Event "III Dolnoslaska Liga Szachowa 2017/2018"]
[Site "Dolny Slask"]
[Date "1899-12-30"]
[Round "1.25"]
[White "Kmiecik, Emilia"]
[Black "Florczak, Aleksandra"]
[Result "1-0"]
[WhiteTitle "I+"]
[BlackTitle "I"]
[WhiteElo "1797"]
[BlackElo "1494"]

1. d4 d6 2. c4 e5 3. d5 f5 4. Nc3 Nf6 5. Qc2 g6 6. Bg5 h6 7. Bxf6 Qxf6 8. e4 Na6
9. b4 Bg7 10. Bd3 O-O 11. a3 Qg5 12. f3 h5 13. h4 Qg3+ 14. Kf1 fxe4 15. Nxe4 Qf4
16. g3 Qe3 17. Qe2 Qxe2+ 18. Kxe2 Bf5 19. Rf1 Rae8 20. Nh3 Nb8 21. Nhg5 Nd7 22.
Rf2 Nb6 23. Rhf1 Na4 24. Bc2 Nb6 25. Bb3 Ra8 26. c5 Nc8 27. Rc1 a5 28. b5 a4 29.
Ba2 Kh8 30. Ne6 Bh6 31. Rc3 Bxe6 32. dxe6 Ra5 33. Bc4 d5 34. Bxd5 Rxb5 35. Kd3
Ne7 36. Bc4 Rd8+ 37. Kc2 Ra5 38. Ba2 Nf5 39. f4 Nd4+ 40. Kc1 Nf5 41. Ng5 Bxg5
42. hxg5 e4 43. Rd2 Rxd2 44. Kxd2 Rb5 45. Bd5 Kg7 46. Bxe4 Ne7 47. Kd3 Rb1 48.
Kc4 Re1 49. Bxb7 Rxe6 50. Kb5 c6+ 51. Kxa4 Re4+ 52. Ka5 Re1 53. Rb3 Rc1 54. Kb6
Nf5 55. Bxc6 Nd4 56. Rd3 Ne6 57. Rd7+ Kf8 58. Rd5 Rb1+ 59. Bb5 Rxb5+ 60. Kxb5
Nc7+ 61. Kc4 Nxd5 62. Kxd5 1-0

[Event "III Dolnoslaska Liga Szachowa 2017/2018"]
[Site "Dolny Slask"]
[Date "1899-12-30"]
[Round "1.26"]
[White "Cechura, Petr"]
[Black "Zareba, Radoslaw"]
[Result "1-0"]
[WhiteTitle ""]
[BlackTitle "I+"]
[WhiteElo "2172"]
[BlackElo "2116"]

1. e4 c5 2. Nf3 Nc6 3. d3 g6 4. Nbd2 Bg7 5. g3 d6 6. Bg2 Nf6 7. O-O O-O 8. Re1
Qc7 9. a4 a6 10. Nc4 e5 11. c3 Be6 12. Ng5 Bg4 13. Qb3 h6 14. h3 Bd7 15. Nf3 Be6
16. Qc2 b5 17. Ne3 Rab8 18. axb5 axb5 19. Bd2 d5 20. exd5 Nxd5 21. Nxd5 Bxd5 22.
Be3 c4 23. dxc4 bxc4 24. Nd2 Bxg2 25. Kxg2 Ne7 26. Qe4 Rxb2 27. Ra7 Qd8 28. Nxc4
Rb5 29. Bb6 Rxb6 30. Nxb6 Qxb6 31. Rxe7 Qc5 32. Qb4 Qc6+ 33. Kg1 Rc8 34. Qb3 Qf3
35. Re3 Qf5 36. Kg2 e4 37. R7xe4 g5 38. Re8+ Rxe8 39. Rxe8+ Kh7 40. Qc4 h5 41.
g4 hxg4 42. hxg4 Qd7 43. Qe4+ Kh6 44. Re7 1-0

[Event "III Dolnoslaska Liga Szachowa 2017/2018"]
[Site "Dolny Slask"]
[Date "1899-12-30"]
[Round "1.27"]
[White "Kulczycki, Krzysztof"]
[Black "Pyka, Roman"]
[Result "1/2-1/2"]
[WhiteTitle "II"]
[BlackTitle "I++"]
[WhiteElo "1725"]
[BlackElo "1957"]

1. e4 d5 2. exd5 Nf6 3. c4 c6 4. Nc3 cxd5 5. d4 Nc6 6. Be3 g6 7. Nf3 Bg7 8. Rc1
O-O 9. h3 Be6 10. c5 Ne4 11. Bd3 Nxc5 12. dxc5 d4 13. Nxd4 Bxd4 14. O-O Bxe3 15.
fxe3 Qa5 16. Bb5 Ne5 17. Qd4 f6 18. b4 Qa3 19. Nb1 Qxa2 20. Nc3 Qb3 21. Rb1 Qa3
22. Ra1 Qb3 23. Rab1 Qa3 24. Ra1 1/2-1/2